MARC details
| 000 -LEADER |
| fixed length control field |
00776cam a2200205 4500 |
| 001 - CONTROL NUMBER |
| control field |
ABS61412 |
| 008 - FIXED-LENGTH DATA ELEMENTS--GENERAL INFORMATION |
| fixed length control field |
000000n1999 000 0 eng u |
| 035 ## - SYSTEM CONTROL NUMBER |
| System control number |
(Sirsi) u100592 |
| 245 ## - TITLE STATEMENT |
| Title |
Legal maze |
| 260 ## - PUBLICATION, DISTRIBUTION, ETC. |
| Date of publication, distribution, etc. |
1999 |
| 490 ## - SERIES STATEMENT |
| Series statement |
Premises and Facilities Management |
| Volume/sequential designation |
September 1999, 27-30(3) |
| 520 ## - SUMMARY, ETC. |
| Summary, etc. |
Reviews the outcome of a meeting between suppliers, consumers of support services, a union national secretary and an employment law expert discussing how recent changes in employment law will affect the supply and cost of FM services. |
| 590 ## - LOCAL NOTE (RLIN) |
| Local note |
ABS |
| 650 ## - SUBJECT ADDED ENTRY--TOPICAL TERM |
| Topical term or geographic name entry element |
EMPLOYMENT RELATIONS ACT |
| 650 ## - SUBJECT ADDED ENTRY--TOPICAL TERM |
| Topical term or geographic name entry element |
SUPPORT SERVICES |
| 650 ## - SUBJECT ADDED ENTRY--TOPICAL TERM |
| Topical term or geographic name entry element |
EMPLOYMENT LAW |
| 650 ## - SUBJECT ADDED ENTRY--TOPICAL TERM |
| Topical term or geographic name entry element |
FACILITIES MANAGEMENT |
| 9 (RLIN) |
6240 |
| 690 ## - LOCAL SUBJECT ADDED ENTRY--TOPICAL TERM (OCLC, RLIN) |
| Topical term or geographic name as entry element |
OFFICE SERVICES AND ADMINISTRATION |
| 942 ## - ADDED ENTRY ELEMENTS (KOHA) |
| Suppress in OPAC |
0 |